000 00831nam a2200265Ia 4500
003 OSt
005 20220923211618.0
006 a|||||r|||| 00| 0
007 ta
008 220922b |||||||| |||| 00| 0 hin d
024 _a9,859
037 _cTextual
040 _aARTS
_cARTS
_bhin
041 _2hin
_ahin
082 _aQ11:21, 152L3;M7
100 _aशर्मा, उमाशंकर, संपा
_9156370
245 0 _aऋग्वेद संहिता
246 _aṚugved sanhitā
250 _a2nd
260 _aवाराणसी
_b चौखम्बा विद्याभवन
_c1987
300 _a495पृ.
_ccm.
650 _aधर्म
942 _hQ11:21, 152L3;M7
_cTEXL
_2CC
999 _c301428
_d301428